000
00203nam a22001097a 4500
041
_a
eng
080
_a
80
100
_a
Mensing, Otto
245
_a
Deutsche Grammatik
650
_a
German
999
_c
281808
_d
281808
942
_c
BK